[Event "Scarborough CC-ch Reserves U1700"]
[Site "Toronto CAN"]
[Date "2011.03.10"]
[Round "3"]
[White "Roy, Harrison"]
[Black "Liu, Peter"]
[Result "0-1"]
[WhiteElo "939"]
[BlackElo "1324"]
[PlyCount "58"]
[GameId "2160767909804217"]
[EventDate "2011.02.24"]
[EventType "swiss"]
[EventRounds "9"]
[EventCountry "CAN"]
[SourceTitle "EXT 2022"]
[Source "ChessBase"]
[SourceDate "2021.10.06"]
[SourceVersion "1"]
[SourceVersionDate "2021.10.06"]
[SourceQuality "1"]

1. e4 c5 2. Nf3 d6 3. Be2 Nf6 4. Nc3 g6 5. d3 Bg7 6. O-O O-O 7. Bg5 Nc6 8. Bxf6 Bxf6 9. Nd5 Bxb2 10. Rb1 Bg7 11. Re1 b6 12. h3 e6 13. Nc3 Bxc3 14. Rf1 d5 15. Rb3 Bg7 16. Rb5 Ba6 17. Rb2 Bxb2 18. Nh2 dxe4 19. dxe4 Qxd1 20. Rxd1 Bxe2 21. Rd2 Nd4 22. Ng4 Bc3 23. Rxd4 Bxd4 24. Nh2 f5 25. Nf3 Bxf3 26. gxf3 fxe4 27. fxe4 Rxf2 28. c4 Raf8 29. e5 Rxa2+ 0-1

[Event "Scarborough CC-ch Reserves U1700"]
[Site "Toronto CAN"]
[Date "2011.03.10"]
[Round "3"]
[White "Song, Eric"]
[Black "Smith, Maurice"]
[Result "1/2-1/2"]
[WhiteElo "1476"]
[BlackElo "1533"]
[PlyCount "74"]
[GameId "2160767909804218"]
[EventDate "2011.02.24"]
[EventType "swiss"]
[EventRounds "9"]
[EventCountry "CAN"]
[SourceTitle "EXT 2022"]
[Source "ChessBase"]
[SourceDate "2021.10.06"]
[SourceVersion "1"]
[SourceVersionDate "2021.10.06"]
[SourceQuality "1"]

1. e4 d6 2. d4 Nf6 3. Nc3 g6 4. Nf3 Bg7 5. Bg5 O-O 6. Bc4 Nbd7 7. h3 b6 8. O-O Bb7 9. Re1 a6 10. a4 Re8 11. Qd2 Nf8 12. Qe2 Ne6 13. Rad1 Nxg5 14. Nxg5 Rf8 15. Qe3 Nd7 16. e5 e6 17. exd6 cxd6 18. f4 Qc7 19. Bxe6 Nf6 20. Bb3 h6 21. Nge4 Nxe4 22. Nxe4 Rae8 23. Qd3 Qc6 24. d5 Qc7 25. Rb1 f5 26. Nc3 Re7 27. Re3 Rfe8 28. Rbe1 Qc5 29. Nd1 Bd4 30. Kf2 Bxe3+ 31. Rxe3 Re4 32. Kf3 Rxe3+ 33. Nxe3 Re4 34. h4 Rd4 35. Qe2 Re4 36. Qd3 Rd4 37. Qe2 Re4 1/2-1/2

[Event "Scarborough CC-ch Reserves U1700"]
[Site "Toronto CAN"]
[Date "2011.03.10"]
[Round "3"]
[White "Super, Russell"]
[Black "Thanabalachandran, Luxiga"]
[Result "1-0"]
[WhiteElo "1446"]
[BlackElo "790"]
[PlyCount "83"]
[GameId "2160767909804219"]
[EventDate "2011.02.24"]
[EventType "swiss"]
[EventRounds "9"]
[EventCountry "CAN"]
[SourceTitle "EXT 2022"]
[Source "ChessBase"]
[SourceDate "2021.10.06"]
[SourceVersion "1"]
[SourceVersionDate "2021.10.06"]
[SourceQuality "1"]

1. e4 e5 2. Nc3 Nf6 3. Nf3 Nc6 4. d4 exd4 5. Nxd4 Nxd4 6. Qxd4 c6 7. Bc4 Bb4 8. Bxf7+ Kxf7 9. Qxb4 Qe7 10. Qxe7+ Kxe7 11. Bg5 Rf8 12. e5 Kf7 13. exf6 Re8+ 14. Be3 d5 15. O-O Kxf6 16. Rfe1 Rd8 17. Bd4+ Kf7 18. Re2 Re8 19. Rxe8 Kxe8 20. Bxg7 Bf5 21. Rc1 Kf7 22. Bd4 Rg8 23. Kf1 Bh3 24. gxh3 Rg6 25. Bxa7 Rh6 26. Re1 Rxh3 27. Bb8 d4 28. Ne4 Rh6 29. Nd6+ Kf6 30. Nxb7 Kg7 31. a4 c5 32. Bd6 c4 33. a5 Kf6 34. a6 Rg6 35. a7 Rg8 36. Bb8 Rxb8 37. axb8=Q d3 38. Qf8+ Kg5 39. Re5+ Kg4 40. h3+ Kxh3 41. Rg5 dxc2 42. Qh6# 1-0

[Event "Scarborough CC-ch Reserves U1700"]
[Site "Toronto CAN"]
[Date "2011.03.10"]
[Round "3"]
[White "Zhao, Harry"]
[Black "Moffat, Anthony"]
[Result "1-0"]
[WhiteElo "1469"]
[BlackElo "1240"]
[PlyCount "77"]
[GameId "2160767909804220"]
[EventDate "2011.02.24"]
[EventType "swiss"]
[EventRounds "9"]
[EventCountry "CAN"]
[SourceTitle "EXT 2022"]
[Source "ChessBase"]
[SourceDate "2021.10.06"]
[SourceVersion "1"]
[SourceVersionDate "2021.10.06"]
[SourceQuality "1"]

1. e4 c5 2. Nf3 d6 3. d4 cxd4 4. Nxd4 Nf6 5. Nc3 a6 6. Bd3 e6 7. Bg5 Be7 8. O-O b5 9. Qf3 Bb7 10. Rfe1 O-O 11. Qg3 Nh5 12. Bxe7 Qxe7 13. Qh3 Nf4 14. Qf3 Nxd3 15. Qxd3 Nd7 16. Re3 Qf6 17. Rf3 Qg6 18. Qe3 Ne5 19. Rg3 Qf6 20. Qg5 Qxg5 21. Rxg5 b4 22. Nce2 Bxe4 23. Rc1 Rac8 24. c3 Nd3 25. Rc2 Rc4 26. cxb4 Rxb4 27. f3 Bf5 28. b3 Nf4 29. Nxf5 Nxe2+ 30. Rxe2 exf5 31. Rxf5 Rd4 32. Ra5 Rd8 33. Rxa6 Rd1+ 34. Kf2 d5 35. Rd6 Rf8 36. Kg3 Rd4 37. Re5 f5 38. Rdxd5 Rg4+ 39. fxg4 1-0

[Event "Scarborough CC-ch Reserves U1700"]
[Site "Toronto CAN"]
[Date "2011.03.17"]
[Round "4"]
[White "Aghamalian, Derick"]
[Black "Super, Russell"]
[Result "0-1"]
[WhiteElo "1529"]
[BlackElo "1446"]
[PlyCount "61"]
[GameId "2160767909804222"]
[EventDate "2011.02.24"]
[EventType "swiss"]
[EventRounds "9"]
[EventCountry "CAN"]
[SourceTitle "EXT 2022"]
[Source "ChessBase"]
[SourceDate "2021.10.06"]
[SourceVersion "1"]
[SourceVersionDate "2021.10.06"]
[SourceQuality "1"]

1. e4 c5 2. Nf3 Nc6 3. d4 cxd4 4. Nxd4 Nf6 5. Nc3 d6 6. Be3 g6 7. Be2 Bg7 8. O-O O-O 9. Kh1 a6 10. f4 Nxd4 11. Bxd4 b5 12. a3 Bb7 13. Bf3 Qc7 14. Qd2 e5 15. Be3 Rfd8 16. Qf2 d5 17. Bb6 Qd6 18. fxe5 Qxe5 19. Bxd8 Rxd8 20. exd5 Nxd5 21. Bxd5 Bxd5 22. Rad1 Qe6 23. Rxd5 Rxd5 24. Nxd5 Qxd5 25. c3 f5 26. Qf3 Qb3 27. Rd1 Qxb2 28. Qd5+ Kf8 29. Qd8+ Kf7 30. Rd7+ Ke6 31. Qe7# 0-1

[Event "Scarborough CC-ch Reserves U1700"]
[Site "Toronto CAN"]
[Date "2011.03.17"]
[Round "4"]
[White "Aghamalian, Leonid"]
[Black "Yie, Kevin Yi Xiao"]
[Result "1/2-1/2"]
[WhiteElo "1520"]
[BlackElo "1395"]
[PlyCount "96"]
[GameId "2160767909804223"]
[EventDate "2011.02.24"]
[EventType "swiss"]
[EventRounds "9"]
[EventCountry "CAN"]
[SourceTitle "EXT 2022"]
[Source "ChessBase"]
[SourceDate "2021.10.06"]
[SourceVersion "1"]
[SourceVersionDate "2021.10.06"]
[SourceQuality "1"]

1. d4 Nf6 2. c4 e6 3. Nc3 Bb4 4. a3 Bxc3+ 5. bxc3 O-O 6. Nf3 d5 7. cxd5 Qxd5 8. Bf4 c6 9. e3 Nbd7 10. Bd3 Qa5 11. Qc2 h6 12. O-O Nd5 13. Bd6 Re8 14. Bb4 Qc7 15. c4 Nxb4 16. axb4 Nf6 17. Ne5 Bd7 18. Rfc1 a6 19. c5 Rad8 20. Nc4 Bc8 21. Nd6 Rxd6 22. cxd6 Qxd6 23. Qc5 Qd8 24. Rd1 Qe7 25. Qxe7 Rxe7 26. Rdc1 Nd5 27. b5 axb5 28. Bxb5 Re8 29. Bf1 g6 30. Rcb1 b5 31. Ra8 Bd7 32. Rxe8+ Bxe8 33. Rc1 Kf8 34. g3 Ke7 35. Bg2 Kd8 36. e4 Ne7 37. d5 exd5 38. exd5 Nxd5 39. Bxd5 cxd5 40. Rc5 Ke7 41. Rxd5 Ke6 42. Rd2 Bc6 43. Kf1 Bd5 44. Ke2 Bc4+ 45. Ke3 Kf5 46. Rd4 h5 47. h4 Kf6 48. Kf4 Ke6 1/2-1/2

[Event "Scarborough CC-ch Reserves U1700"]
[Site "Toronto CAN"]
[Date "2011.03.17"]
[Round "4"]
[White "Azizi, Hamid"]
[Black "Song, Eric"]
[Result "0-1"]
[WhiteElo "1457"]
[BlackElo "1476"]
[PlyCount "104"]
[GameId "2160767909804224"]
[EventDate "2011.02.24"]
[EventType "swiss"]
[EventRounds "9"]
[EventCountry "CAN"]
[SourceTitle "EXT 2022"]
[Source "ChessBase"]
[SourceDate "2021.10.06"]
[SourceVersion "1"]
[SourceVersionDate "2021.10.06"]
[SourceQuality "1"]

1. e4 e5 2. Nf3 Nc6 3. Bc4 Nf6 4. Ng5 d5 5. exd5 Na5 6. Bb5+ Bd7 7. Qe2 Bd6 8. b4 c6 9. Ba4 b5 10. dxc6 Nxc6 11. Bxb5 Nxb4 12. d4 O-O 13. dxe5 Bxb5 14. c4 Bxe5 15. O-O Bxa1 16. cxb5 Rc8 17. Ba3 Qa5 18. Rd1 Rfe8 19. Qf1 Nc2 20. Bc1 Bd4 21. Kh1 Ng4 22. Nh3 Qb6 23. f3 Nf2+ 24. Nxf2 Bxf2 25. a4 Ne1 26. Bd2 Nc2 27. Nc3 Rcd8 28. Ne4 Be3 29. a5 Qd4 30. Qe2 Bxd2 31. Rxd2 Qxd2 32. Qxd2 Rxd2 33. h3 Rd1+ 34. Kh2 Ne3 35. b6 axb6 36. axb6 Nf1+ 37. Kg1 Ng3+ 38. Kh2 Nxe4 39. fxe4 Rb1 40. Kg3 Rxe4 41. Kf3 Ree1 42. Kg3 Rxb6 43. Kh2 Rb3 44. h4 Re2 45. Kg1 Rb1+ 46. Kh2 Rb3 47. h5 Ra2 48. Kh1 g6 49. h6 f5 50. Kh2 f4 51. Kg1 f3 52. gxf3 Rb1# 0-1

[Event "Scarborough CC-ch Reserves U1700"]
[Site "Toronto CAN"]
[Date "2011.03.17"]
[Round "4"]
[White "Cui, Gordon"]
[Black "Guo, Tan"]
[Result "0-1"]
[WhiteElo "1286"]
[BlackElo "1463"]
[PlyCount "96"]
[GameId "2160767909804225"]
[EventDate "2011.02.24"]
[EventType "swiss"]
[EventRounds "9"]
[EventCountry "CAN"]
[SourceTitle "EXT 2022"]
[Source "ChessBase"]
[SourceDate "2021.10.06"]
[SourceVersion "1"]
[SourceVersionDate "2021.10.06"]
[SourceQuality "1"]

1. e4 d6 2. d4 Nf6 3. Nc3 g6 4. Bb5+ c6 5. Bd3 Bg7 6. Nf3 O-O 7. O-O Qc7 8. Be3 e5 9. dxe5 dxe5 10. Qd2 Re8 11. Bh6 Bh8 12. Nh4 Ng4 13. Nf5 Bxf5 14. exf5 Nxh6 15. Qxh6 Bg7 16. Qh3 Qd7 17. fxg6 hxg6 18. Qh4 Qe7 19. Qxe7 Rxe7 20. Rfe1 Nd7 21. Re2 Nc5 22. Bc4 b5 23. Bb3 a5 24. a3 Nxb3 25. cxb3 Rd8 26. f4 Rde8 27. Rae1 Kf8 28. g3 exf4 29. Rxe7 Rxe7 30. Rxe7 Kxe7 31. gxf4 Ke6 32. Kf2 b4 33. Na2 c5 34. axb4 axb4 35. Nc1 Bxb2 36. Nd3 Bd4+ 37. Kf3 Kd5 38. h4 f6 39. f5 gxf5 40. Nf4+ Kd6 41. h5 Ke7 42. Ng6+ Kf7 43. Kf4 c4 44. Nh8+ Kg7 45. Ng6 cxb3 46. Ne7 Be5+ 47. Ke3 b2 48. Nxf5+ Kh7 0-1

[Event "Scarborough CC-ch Reserves U1700"]
[Site "Toronto CAN"]
[Date "2011.03.17"]
[Round "4"]
[White "Gandhi, Vishwa"]
[Black "Patel, Shivkumar"]
[Result "1-0"]
[WhiteElo "1058"]
[BlackElo "818"]
[PlyCount "39"]
[GameId "2160767909804227"]
[EventDate "2011.02.24"]
[EventType "swiss"]
[EventRounds "9"]
[EventCountry "CAN"]
[SourceTitle "EXT 2022"]
[Source "ChessBase"]
[SourceDate "2021.10.06"]
[SourceVersion "1"]
[SourceVersionDate "2021.10.06"]
[SourceQuality "1"]

1. e4 e5 2. Nf3 Nc6 3. Nc3 Nf6 4. a3 h6 5. h3 Bd6 6. d3 a6 7. Be3 O-O 8. Be2 Qe8 9. g4 b5 10. Rg1 Rb8 11. g5 hxg5 12. Bxg5 Be7 13. Bh6 b4 14. axb4 Bxb4 15. Bxg7 Bxc3+ 16. bxc3 Kh7 17. Bxf6 Rg8 18. Ng5+ Kg6 19. Bh5+ Kxf6 20. Qf3+ 1-0

[Event "Scarborough CC-ch Reserves U1700"]
[Site "Toronto CAN"]
[Date "2011.03.17"]
[Round "4"]
[White "Liang, Phillip"]
[Black "Zhao, Harry"]
[Result "0-1"]
[WhiteElo "1271"]
[BlackElo "1469"]
[PlyCount "80"]
[GameId "2160767909804229"]
[EventDate "2011.02.24"]
[EventType "swiss"]
[EventRounds "9"]
[EventCountry "CAN"]
[SourceTitle "EXT 2022"]
[Source "ChessBase"]
[SourceDate "2021.10.06"]
[SourceVersion "1"]
[SourceVersionDate "2021.10.06"]
[SourceQuality "1"]

1. e4 e5 2. Nf3 Nf6 3. Nc3 d6 4. h3 Nc6 5. d4 exd4 6. Nxd4 Bd7 7. Be3 Ne5 8. Qd2 c6 9. f4 Ng6 10. O-O-O Qc7 11. Kb1 Be7 12. Nf3 h6 13. Bc4 Be6 14. Bxe6 fxe6 15. f5 exf5 16. exf5 Ne5 17. Nd4 O-O-O 18. Ne6 Qa5 19. Nxd8 Rxd8 20. Qe2 d5 21. Bxa7 Bd6 22. Bd4 Re8 23. Bxe5 Bxe5 24. Qd3 Kc7 25. Rhe1 Nd7 26. Rf1 Nc5 27. Qd2 Qb6 28. Kc1 Na4 29. Nxa4 Qb5 30. Nc3 Qb6 31. Qd3 Bd6 32. Rde1 Be5 33. Na4 Qb4 34. Nc3 Bf4+ 35. Kd1 Be5 36. g4 Qxb2 37. Rf3 Qa1+ 38. Kd2 Bxc3+ 39. Qxc3 Qxe1+ 40. Kd3 Qd1+ 0-1

[Event "Scarborough CC-ch Reserves U1700"]
[Site "Toronto CAN"]
[Date "2011.03.17"]
[Round "4"]
[White "Lin, Benjamin1"]
[Black "Al Ganabi, Yasir"]
[Result "1-0"]
[WhiteElo "1123"]
[BlackElo "1347"]
[PlyCount "90"]
[GameId "2160767909804230"]
[EventDate "2011.02.24"]
[EventType "swiss"]
[EventRounds "9"]
[EventCountry "CAN"]
[SourceTitle "EXT 2022"]
[Source "ChessBase"]
[SourceDate "2021.10.06"]
[SourceVersion "1"]
[SourceVersionDate "2021.10.06"]
[SourceQuality "1"]

1. c4 d5 2. cxd5 Qxd5 3. Nc3 Qd8 4. e4 Nc6 5. Nf3 Bg4 6. Be2 Nf6 7. h3 Bxf3 8. Bxf3 e5 9. O-O Nd4 10. d3 h6 11. Be3 Be7 12. Bxd4 exd4 13. Ne2 O-O 14. Ng3 c5 15. Nf5 Nh7 16. g3 Ng5 17. Bg2 Re8 18. Qg4 Bf6 19. f4 g6 20. Nxh6+ Kg7 21. fxg5 Bxg5 22. Nxf7 Be3+ 23. Kh2 Qe7 24. h4 Rf8 25. Ng5 Bxg5 26. Qxg5 Qxg5 27. hxg5 Rh8+ 28. Kg1 Rh5 29. Rf3 Rxg5 30. Raf1 b5 31. e5 Re8 32. Rf7+ Kh6 33. Rxa7 Rexe5 34. Kf2 Re3 35. Rh1+ Rh5 36. Rxh5+ Kxh5 37. Be4 g5 38. Rf7 c4 39. Rf3 Rxf3+ 40. Kxf3 c3 41. bxc3 dxc3 42. d4 g4+ 43. Kf4 b4 44. d5 Kh6 45. d6 b3 1-0

[Event "Scarborough CC-ch Reserves U1700"]
[Site "Toronto CAN"]
[Date "2011.03.17"]
[Round "4"]
[White "Muir, Tom"]
[Black "Termeer, Ted"]
[Result "1-0"]
[WhiteElo "1576"]
[BlackElo "1425"]
[PlyCount "71"]
[GameId "2160767909804232"]
[EventDate "2011.02.24"]
[EventType "swiss"]
[EventRounds "9"]
[EventCountry "CAN"]
[SourceTitle "EXT 2022"]
[Source "ChessBase"]
[SourceDate "2021.10.06"]
[SourceVersion "1"]
[SourceVersionDate "2021.10.06"]
[SourceQuality "1"]

1. e4 c5 2. Nc3 d6 3. f4 Nc6 4. Nf3 a6 5. g3 Nf6 6. Bg2 h6 7. d3 Bg4 8. h3 Bd7 9. O-O Qc8 10. f5 e6 11. g4 Qc7 12. Bf4 e5 13. Be3 O-O-O 14. a3 Be7 15. Qe1 Nd4 16. Qf2 h5 17. g5 Ng8 18. Nd5 Qb8 19. b4 b6 20. c3 Nxf3+ 21. Bxf3 Bc6 22. c4 Bxd5 23. cxd5 Kd7 24. h4 Ke8 25. Qe2 g6 26. f6 Nxf6 27. gxf6 Bxf6 28. Bg5 Bxg5 29. hxg5 Rd7 30. Bg2 Qd8 31. Rf6 Qc7 32. Raf1 Rh7 33. Qf2 cxb4 34. axb4 b5 35. Rxg6 Kd8 36. Rg8+ 1-0

[Event "Scarborough CC-ch Reserves U1700"]
[Site "Toronto CAN"]
[Date "2011.03.17"]
[Round "4"]
[White "Pishdad, Hassan"]
[Black "Graham, John"]
[Result "1/2-1/2"]
[WhiteElo "1250"]
[BlackElo "1429"]
[PlyCount "54"]
[GameId "2160767909804233"]
[EventDate "2011.02.24"]
[EventType "swiss"]
[EventRounds "9"]
[EventCountry "CAN"]
[SourceTitle "EXT 2022"]
[Source "ChessBase"]
[SourceDate "2021.10.06"]
[SourceVersion "1"]
[SourceVersionDate "2021.10.06"]
[SourceQuality "1"]

1. d4 e6 2. c4 d5 3. e3 Nf6 4. Nc3 Bd7 5. Bd3 dxc4 6. Bxc4 Bb4 7. a3 Bxc3+ 8. bxc3 Ne4 9. Bd2 c5 10. Bd3 Nxd2 11. Qxd2 Qa5 12. Be4 Bc6 13. Bxc6+ Nxc6 14. Nf3 O-O 15. O-O Rfd8 16. Qb2 Rab8 17. Rfd1 c4 18. a4 Qc7 19. Nd2 Na5 20. Qc2 b6 21. Rdb1 a6 22. Qa2 e5 23. Rb4 exd4 24. exd4 Rbc8 25. Rab1 Rd6 26. Qb2 Rb8 27. Qa2 Rc8 1/2-1/2

[Event "Scarborough CC-ch Reserves U1700"]
[Site "Toronto CAN"]
[Date "2011.03.17"]
[Round "4"]
[White "Rodriguez, Sergio1"]
[Black "Thanabalachandran, Luxiga"]
[Result "1-0"]
[WhiteElo "1092"]
[BlackElo "790"]
[PlyCount "53"]
[GameId "2160767909804234"]
[EventDate "2011.02.24"]
[EventType "swiss"]
[EventRounds "9"]
[EventCountry "CAN"]
[SourceTitle "EXT 2022"]
[Source "ChessBase"]
[SourceDate "2021.10.06"]
[SourceVersion "1"]
[SourceVersionDate "2021.10.06"]
[SourceQuality "1"]

1. f4 e6 2. Nf3 Nf6 3. Nc3 Nc6 4. e3 Bb4 5. d4 Ne4 6. Bd2 Nxc3 7. Bxc3 Bxc3+ 8. bxc3 d6 9. Bb5 Bd7 10. e4 d5 11. exd5 exd5 12. O-O a6 13. Re1+ Ne7 14. Bxd7+ Qxd7 15. Ne5 Qf5 16. Qf3 Qxc2 17. Qh5 O-O 18. Nf3 Nc6 19. Rec1 Qe4 20. f5 Qe3+ 21. Kh1 Qf4 22. Re1 Rfe8 23. Rxe8+ Rxe8 24. g3 Qe3 25. Ng5 g6 26. Qxh7+ Kf8 27. Qxf7# 1-0

[Event "Scarborough CC-ch Reserves U1700"]
[Site "Toronto CAN"]
[Date "2011.03.17"]
[Round "4"]
[White "Roy, Lawrence"]
[Black "Krishnakumar, Agahash"]
[Result "1-0"]
[WhiteElo "1028"]
[BlackElo "718"]
[PlyCount "89"]
[GameId "2160767909804235"]
[EventDate "2011.02.24"]
[EventType "swiss"]
[EventRounds "9"]
[EventCountry "CAN"]
[SourceTitle "EXT 2022"]
[Source "ChessBase"]
[SourceDate "2021.10.06"]
[SourceVersion "1"]
[SourceVersionDate "2021.10.06"]
[SourceQuality "1"]

1. e4 d6 2. d4 e5 3. dxe5 dxe5 4. Qxd8+ Kxd8 5. Nf3 Bb4+ 6. c3 Bd6 7. Be2 Nf6 8. Bg5 h6 9. Bxf6+ gxf6 10. O-O f5 11. exf5 Bxf5 12. Rd1 e4 13. Ne5 Ke8 14. Bb5+ c6 15. Rxd6 cxb5 16. Rf6 Bh7 17. Nxf7 Ke7 18. Rf4 Bg8 19. Nxh8 Bd5 20. h3 Bc6 21. Ng6+ Ke8 22. Ne5 Bd5 23. Nd2 Na6 24. Nxe4 Bxe4 25. Rxe4 Nc5 26. Re3 Nd7 27. Rd1 Nxe5 28. Rxe5+ Kf8 29. Rxb5 a6 30. Rxb7 Re8 31. Ra7 Re6 32. Rd8+ Re8 33. Rxe8+ Kxe8 34. Rxa6 h5 35. Rd6 Ke7 36. Rd1 h4 37. a4 Ke6 38. a5 Ke5 39. a6 Ke4 40. a7 Kf4 41. a8=Q Ke5 42. Rd5+ Ke4 43. Ra5+ Kd3 44. Qd8+ Ke2 45. Re5# 1-0

[Event "Scarborough CC-ch Reserves U1700"]
[Site "Toronto CAN"]
[Date "2011.03.17"]
[Round "4"]
[White "Souchko, Larissa"]
[Black "Dattani, Dinesh"]
[Result "0-1"]
[WhiteElo "1123"]
[BlackElo "1420"]
[PlyCount "100"]
[GameId "2160767909804236"]
[EventDate "2011.02.24"]
[EventType "swiss"]
[EventRounds "9"]
[EventCountry "CAN"]
[SourceTitle "EXT 2022"]
[Source "ChessBase"]
[SourceDate "2021.10.06"]
[SourceVersion "1"]
[SourceVersionDate "2021.10.06"]
[SourceQuality "1"]

1. e4 e5 2. Nf3 Nc6 3. Nc3 Nf6 4. d4 exd4 5. Nxd4 Bc5 6. Be3 Ne5 7. Bg5 c6 8. Bxf6 Qxf6 9. Qd2 Bxd4 10. h3 Ng6 11. O-O-O Bxf2 12. Kb1 Bg3 13. Bc4 O-O 14. Rhf1 Qe7 15. Rf3 Ne5 16. Bxf7+ Rxf7 17. Rxg3 Qf6 18. Rh1 d6 19. h4 Bg4 20. h5 h6 21. b3 Qf2 22. Qxf2 Rxf2 23. Nd1 Rf4 24. Ne3 Rxe4 25. Rh4 Rf8 26. Nxg4 Nxg4 27. Rhxg4 Rxg4 28. Rxg4 Rf5 29. Rh4 Rg5 30. g4 Kf7 31. Kc1 Ke6 32. Kd2 Re5 33. Kd3 Kf6 34. Rh3 Kg5 35. Rg3 d5 36. Rf3 Kxg4 37. Rf7 Rg5 38. Rxb7 Kxh5 39. Rxa7 Rg3+ 40. Kd2 g5 41. a4 Rf3 42. a5 g4 43. a6 Rf8 44. Rg7 Kh4 45. a7 g3 46. Rb7 Ra8 47. Rg7 h5 48. Ke2 Kh3 49. Kf3 Rf8+ 50. Rf7 Rxf7+ 0-1

[Event "Scarborough CC-ch Reserves U1700"]
[Site "Toronto CAN"]
[Date "2011.03.17"]
[Round "4"]
[White "Stroempl, Hedi"]
[Black "Liu, Peter"]
[Result "0-1"]
[WhiteElo "1056"]
[BlackElo "1324"]
[PlyCount "86"]
[GameId "2160767909804237"]
[EventDate "2011.02.24"]
[EventType "swiss"]
[EventRounds "9"]
[EventCountry "CAN"]
[SourceTitle "EXT 2022"]
[Source "ChessBase"]
[SourceDate "2021.10.06"]
[SourceVersion "1"]
[SourceVersionDate "2021.10.06"]
[SourceQuality "1"]

1. e4 c5 2. Nf3 d6 3. Nc3 Nf6 4. Bc4 g6 5. O-O Bg7 6. Re1 Nc6 7. a3 O-O 8. d3 b6 9. Rb1 Bb7 10. b3 Nh5 11. Ne2 Ne5 12. Nxe5 Bxe5 13. b4 Qc7 14. Bb2 d5 15. Bxe5 Qxe5 16. exd5 Bxd5 17. Nc1 Qg5 18. Bxd5 Qxd5 19. Rxe7 Nf4 20. f3 Qg5 21. Re2 Nxe2+ 22. Qxe2 Rfe8 23. Qf2 Re5 24. Ne2 Rae8 25. f4 Rxe2 26. fxg5 Rxf2 27. Kxf2 Re5 28. h4 Rf5+ 29. Kg1 f6 30. gxf6 Rxf6 31. Re1 a6 32. Re8+ Kf7 33. Rc8 cxb4 34. axb4 Rf4 35. g3 Rxb4 36. Rc7+ Ke6 37. Rxh7 a5 38. Rh6 Kf5 39. c4 Rb3 40. h5 gxh5 41. Rxh5+ Kg4 42. Rh6 Kxg3 43. Rc6 Rb1# 0-1

[Event "Scarborough CC-ch Reserves U1700"]
[Site "Toronto CAN"]
[Date "2011.03.17"]
[Round "4"]
[White "Teram, Eli"]
[Black "Philip, Andrew"]
[Result "0-1"]
[WhiteElo "1213"]
[BlackElo "1640"]
[PlyCount "64"]
[GameId "2160767909804238"]
[EventDate "2011.02.24"]
[EventType "swiss"]
[EventRounds "9"]
[EventCountry "CAN"]
[SourceTitle "EXT 2022"]
[Source "ChessBase"]
[SourceDate "2021.10.06"]
[SourceVersion "1"]
[SourceVersionDate "2021.10.06"]
[SourceQuality "1"]

1. e4 d5 2. e5 c5 3. Nf3 Nc6 4. Bb5 Qb6 5. c4 e6 6. O-O d4 7. d3 Nge7 8. Ng5 h6 9. Qh5 g6 10. Qh3 Bg7 11. Ne4 Bxe5 12. f4 Bg7 13. Nd6+ Kf8 14. Nd2 Nf5 15. Nxc8 Rxc8 16. Ne4 Nb4 17. Ba4 Ne3 18. Rf2 Nxd3 19. Rd2 Nxf4 20. Qg3 e5 21. Rf2 Nf5 22. Qf3 Qe6 23. Bxf4 exf4 24. Qxf4 Be5 25. Qg4 Ng7 26. Qf3 b6 27. Raf1 f5 28. Qh3 Ke7 29. Qh4+ g5 30. Qh3 Rcf8 31. Ng3 g4 32. Qh4+ Bf6 0-1

[Event "Scarborough CC-ch Reserves U1700"]
[Site "Toronto CAN"]
[Date "2011.03.24"]
[Round "5"]
[White "Cui, Gordon"]
[Black "Souchko, Larissa"]
[Result "0-1"]
[WhiteElo "1298"]
[BlackElo "1123"]
[PlyCount "48"]
[GameId "2160767909804240"]
[EventDate "2011.02.24"]
[EventType "swiss"]
[EventRounds "9"]
[EventCountry "CAN"]
[SourceTitle "EXT 2022"]
[Source "ChessBase"]
[SourceDate "2021.10.06"]
[SourceVersion "1"]
[SourceVersionDate "2021.10.06"]
[SourceQuality "1"]

1. e4 c5 2. Nf3 Nc6 3. d4 cxd4 4. Nxd4 Nf6 5. Nc3 e5 6. Ndb5 d6 7. Bg5 a6 8. Na3 h6 9. Bh4 b5 10. Nd5 g5 11. Bg3 Nxd5 12. Qxd5 Bd7 13. c4 Qa5+ 14. Qd2 Qxd2+ 15. Kxd2 b4 16. Nc2 a5 17. Ne3 Be6 18. Nd5 Bxd5 19. exd5 Nd4 20. Bd3 Be7 21. Rac1 O-O 22. c5 f5 23. c6 b3 24. a4 e4 0-1

[Event "Scarborough CC-ch Reserves U1700"]
[Site "Toronto CAN"]
[Date "2011.03.24"]
[Round "5"]
[White "Dattani, Dinesh"]
[Black "Guo, Tan"]
[Result "0-1"]
[WhiteElo "1420"]
[BlackElo "1463"]
[PlyCount "84"]
[GameId "2160767909804241"]
[EventDate "2011.02.24"]
[EventType "swiss"]
[EventRounds "9"]
[EventCountry "CAN"]
[SourceTitle "EXT 2022"]
[Source "ChessBase"]
[SourceDate "2021.10.06"]
[SourceVersion "1"]
[SourceVersionDate "2021.10.06"]
[SourceQuality "1"]

1. e4 d6 2. Nf3 Nf6 3. Nc3 g6 4. Bc4 Bg7 5. d3 O-O 6. O-O c6 7. h3 Nbd7 8. a3 Nb6 9. Ba2 Qc7 10. Rb1 a5 11. Re1 Nfd7 12. Be3 a4 13. Nd4 e5 14. Nf3 Nc5 15. Qd2 Re8 16. Ng5 Ne6 17. Ne2 d5 18. exd5 cxd5 19. Bxb6 Qxb6 20. Bxd5 Nxg5 21. Qxg5 Bf6 22. Qd2 Bh4 23. Nc3 Bd7 24. Re4 Bf6 25. Qe2 Bg7 26. Qf3 Rf8 27. Rb4 Qc5 28. Rxb7 Rad8 29. Re1 h5 30. Re4 Qa5 31. Rc4 Be8 32. Rcc7 e4 33. Bxe4 Be5 34. Rc5 Qxc5 35. Nd5 Qxc2 36. Nf6+ Kh8 37. g3 Qc1+ 38. Kg2 Qg5 39. Nxe8 Rdxe8 40. h4 Qf6 41. Qe3 Kg8 42. Qh6 Qg7 0-1

[Event "Scarborough CC-ch Reserves U1700"]
[Site "Toronto CAN"]
[Date "2011.03.24"]
[Round "5"]
[White "Graham, John"]
[Black "Lin, Benjamin1"]
[Result "1-0"]
[WhiteElo "1429"]
[BlackElo "1129"]
[PlyCount "49"]
[GameId "2160767909804242"]
[EventDate "2011.02.24"]
[EventType "swiss"]
[EventRounds "9"]
[EventCountry "CAN"]
[SourceTitle "EXT 2022"]
[Source "ChessBase"]
[SourceDate "2021.10.06"]
[SourceVersion "1"]
[SourceVersionDate "2021.10.06"]
[SourceQuality "1"]

1. c4 e5 2. e3 c5 3. Nc3 Nc6 4. a3 Nf6 5. Nd5 d6 6. d3 Be6 7. e4 Nd4 8. Nf3 Bxd5 9. cxd5 Be7 10. Nxd4 cxd4 11. Bd2 O-O 12. Be2 Qb6 13. b3 Rac8 14. Rc1 Rxc1 15. Bxc1 Qa5+ 16. b4 Qc7 17. O-O a6 18. f4 Nd7 19. fxe5 dxe5 20. Bd2 Qd6 21. Qc1 Nb6 22. Bg4 Rc8 23. Bxc8 Nxc8 24. Qxc8+ Qd8 25. Qxb7 1-0